Advanced ceramics and composites : (Record no. 2724)
[ view plain ]
| 000 -LEADER | |
|---|---|
| fixed length control field | 01584nac a22003131u 4500 |
| 010 ## - LIBRARY OF CONGRESS CONTROL NUMBER | |
| LC control number | 2004272317 |
| 020 ## - INTERNATIONAL STANDARD BOOK NUMBER | |
| International Standard Book Number | 0878499245 |
| 035 ## - SYSTEM CONTROL NUMBER | |
| System control number | (OCoLC)ocm53300473 |
| 082 00 - DEWEY DECIMAL CLASSIFICATION NUMBER | |
| Classification number | 620.14 |
| Item number | S9681 |
| 090 ## - LOCALLY ASSIGNED LC-TYPE CALL NUMBER (OCLC); LOCAL CALL NUMBER (OCLC) | |
| -- | 2724 |
| -- | 2724 |
| 100 ## - MAIN ENTRY--PERSONAL NAME | |
| Personal name | 20080729 |
| 111 2# - MAIN ENTRY--MEETING NAME | |
| Meeting name or jurisdiction name as entry element | International Symposium on Advanced Ceramics |
| Date of meeting | 2002 : |
| Location of meeting | Shanghai, China) |
| 245 10 - TITLE STATEMENT | |
| Title | Advanced ceramics and composites : |
| Remainder of title | proceedings of the 2nd International Symposium on Advanced Ceramics, Shanghai Everbright Convention & Exhibition Centre International Hotel, November 19-22, 2002, Shanghai, China / |
| Statement of responsibility, etc | edited by Hiroshige Suzuki, Katsutoshi Komeya, and Mototsugu Sakai. |
| 246 30 - VARYING FORM OF TITLE | |
| Title proper/short title | Advanced ceramics |
| 246 30 - VARYING FORM OF TITLE | |
| Title proper/short title | Proceedings of the International Symposium on Advanced Ceramics |
| 260 ## - PUBLICATION, DISTRIBUTION, ETC. (IMPRINT) | |
| Place of publication, distribution, etc | Uetikon-Zuerich, Switzerland ; |
| -- | Enfield, N.H. : |
| Name of publisher, distributor, etc | Trans Tech Publications,2003 |
| Date of publication, distribution, etc | 2003 |
| 300 ## - PHYSICAL DESCRIPTION | |
| Extent | xv, 481 p. : |
| Other physical details | ill. ; |
| Dimensions | 25 cm. |
| 440 #0 - | |
| -- | Key engineering materials ; |
| -- | v. 247 |
| 500 ## - GENERAL NOTE | |
| General note | "Organized by The 124th Committee on High-Temperature Ceramic Materials (The Japan Society for The Promotion of Science)"--Pref. |
| 504 ## - BIBLIOGRAPHY, ETC. NOTE | |
| Bibliography, etc | Includes bibliographical references and indexes. |
| 650 #0 - SUBJECT ADDED ENTRY--TOPICAL TERM | |
| Topical term or geographic name as entry element | Ceramic materials |
| Form subdivision | Congresses. |
| 650 #0 - SUBJECT ADDED ENTRY--TOPICAL TERM | |
| Topical term or geographic name as entry element | Composite materials |
| Form subdivision | Congresses. |
| 700 1# - ADDED ENTRY--PERSONAL NAME | |
| Personal name | Suzuki, Hiroshige, |
| Dates associated with a name | 1921- |
| 700 1# - ADDED ENTRY--PERSONAL NAME | |
| Personal name | Komeya, Katsutoshi. |
| 700 1# - ADDED ENTRY--PERSONAL NAME | |
| Personal name | Sakai, Mototsugu. |
| 710 2# - ADDED ENTRY--CORPORATE NAME | |
| Corporate name or jurisdiction name as entry element | Nihon Gakujutsu Shinkōkai. |
| 942 ## - ADDED ENTRY ELEMENTS (KOHA) | |
| Item type | Book - Borrowing |
| Call number prefix | 620.14S9681 |
| Withdrawn status | Item status | Source of classification or shelving scheme | Damaged status | Not for loan | Home library | Current library | Shelving location | Date acquired | Source of acquisition | Cost, normal purchase price | Total Checkouts | Full call number | Barcode | Date last seen | Cost, replacement price | Koha item type |
|---|---|---|---|---|---|---|---|---|---|---|---|---|---|---|---|---|
| Dewey Decimal Classification | Central Library | Central Library | First floor | 11/04/2007 | Purchase | 1277.00 | 620.14 ADV | 000001400 | 15/07/2025 | 1596.25 | Book - Borrowing |